000
00272nam a2200085Ia 4500
008
220120s9999||||xx |||||||||||||| ||und||
100
_a
Manoj, K.V
_9
12214
245
0
_a
Image comparission by self organised kohonen map
260
_a
Coorg Institute of Technology
_b
Ponnampet
_c
2009
999
_c
137800
_d
137800